| 000 | 00825nam a2200265 i 4500 | ||
|---|---|---|---|
| 001 | 000038265 | ||
| 003 | DO-SdBNP | ||
| 005 | 20240304103305.0 | ||
| 007 | ta | ||
| 008 | 090706s2013 dr r l000 0 spa d | ||
| 020 | _a9789945854787 | ||
| 040 |
_aDO-SdBNP _bspa _cBNPHU _erda |
||
| 082 | 4 |
_bH632l _222 |
|
| 100 |
_aHidalgo, Saulo _9386 |
||
| 245 | 1 | 0 |
_aLevantando los muros caidos : _bel procesos de recuperar lo perdido |
| 264 |
_aSanto Domingo : _bSerigraf. _c2013. |
||
| 300 |
_a1 volumen sin paginar ; _c21 cm. |
||
| 336 |
_2rdacontent _atexto _btxt |
||
| 337 |
_2rdamedia _asin mediación _bn |
||
| 338 |
_2rdacarrier _avolumen _bnc |
||
| 590 | _aInventariado, 2023/DG | ||
| 710 | 1 |
_aRepública Dominicana. _b Secretaría de Estado de Medio Ambiente y Recursos Naturales _914503 |
|
| 910 | _aDG | ||
| 942 |
_2ddc _cLBS1 |
||
| 999 |
_c54941 _d54941 |
||